000 006820000a22002290004500
003 LK-CoMWRAF
005 20230902155649.0
008 230817t1990 ||||| |||| 00| 0 eng d
020 _a0706945255
040 _aLK-CoMWRAF
_dLK-CoMWRAF
_eLK-CoMWRAF
041 _aeng
082 _a305.42
_bWOM
245 _aWomen at the Crossroads:
_bA Sri Lankan Perspective
260 _aNew Delhi:
_bVikas,
_c1990
300 _axxi, 248 p. ; 23 cm.
_bIndex included
490 _a ICES Sri Lanka studies series
650 _aWOMEN-Sri Lanka-History
650 _aWomen's rights -- Sri Lanka
700 _aKiribamune,, Sirima
_eed.
700 _aSamarasinghe, Vidyamali
_eed.
942 _cBK
999 _c1158
_d1158